| 000 | 00587cam a2200193 4500 | ||
|---|---|---|---|
| 001 | D3183 | ||
| 008 | 090401t1981 xxu||||| |||| 00| 0 eng d | ||
| 035 | _a(Sirsi) u72187 | ||
| 041 | _aeng | ||
| 050 | _a757.03 | ||
| 100 | _aOrmond, Richard (ed) | ||
| 245 | _aDictionary of British Portraiture. Volume 3 The Victorians: historical figures born between 1800 and 1860, compiled by Elaine Kilmurray | ||
| 260 |
_aLondon _bB T Batsford in association with the Nat _c1981 |
||
| 300 | _a230p. 25cm | ||
| 350 | _a40 | ||
| 700 | _aRogers, Malcom (ed) | ||
| 942 | _n0 | ||
| 948 | _c04/03/1997 | ||
| 999 |
_c95489 _d95489 |
||